00515nam a2200181Ia 450000500170000000800460001703700190006304000200008204100130010208400090011510000170012424500790014126000540022030000120027465000180028694200080030499900210031220250507130218.0008 250505s9999 xx 000 0 eng d aSeries Article aEASLbengcEASL aeng2eng qEASL aLudden David 0aSpatial inequity and national territory:Remapping 1905 in Bengal and Assam aUKbCambridge Cambridge University Press UKc2012 a483-526 aAsian Studies cSRA c1318354d1318354